00630nam a2200181Ia 4500952013500000999001700135003000400152005001700156008004100173040000900214082002200223100002900245245003900274260006400313300000900377650001200386942005000398 00102ddc40708HISTORYaMESbMEScHISd2019-02-20g12.00l0o954.035092 MEN/Rp3224r2019-02-20 00:00:00w2019-02-20yBKzGL37R2 c18841d18841OSt20200625150744.0190216s9999||||xx |||||||||||||| ||und|| coclc a954.035092bMEN/R aMenon, K P Kesava 93249 0aRashtrapithavu /cK P Kesava Menon bThe Mathrubhumi Printing And Publishers,c1969.aKozhikode: a530p aHistory cBK2ddch954.035092iMEN/Rk954.035092mMEN/R